Random 1-100 Blitz Quiz Stats

Quiz Updated May 8, 2013

Also try: 1-100
Challenge
Share
Tweet
Embed
Score 0/100 Timer 01:30
2 Plays Today
Number Number % Correct
11
69%
55
68.9%
44
68.9%
99
68.8%
8181
68.8%
88
68.8%
2020
68.7%
33
68.7%
9595
68.7%
9898
68.6%
7171
68.6%
2626
68.6%
5555
68.6%
1414
68.6%
2525
68.6%
7878
68.6%
8585
68.6%
7070
68.5%
7474
68.5%
8282
68.5%
7272
68.5%
5858
68.5%
1111
68.5%
7676
68.5%
6868
68.5%
6161
68.5%
5757
68.5%
8888
68.5%
66
68.5%
2222
68.5%
2929
68.5%
5656
68.4%
100100
68.4%
3131
68.4%
Number Number % Correct
6363
68.4%
22
68.4%
3535
68.4%
4343
68.4%
9191
68.4%
1616
68.4%
7777
68.4%
1010
68.4%
1818
68.4%
2323
68.4%
6666
68.4%
4545
68.4%
2121
68.4%
3232
68.4%
5050
68.4%
6262
68.4%
4747
68.4%
2727
68.3%
4949
68.3%
1313
68.3%
2424
68.3%
77
68.3%
1212
68.3%
3838
68.3%
6464
68.3%
9090
68.3%
5252
68.3%
8989
68.3%
1919
68.3%
3030
68.3%
4141
68.3%
4242
68.3%
4444
68.3%
8383
68.3%
Number Number % Correct
3434
68.3%
4040
68.3%
1515
68.3%
3939
68.2%
8080
68.2%
9494
68.2%
9999
68.2%
5151
68.2%
9393
68.2%
3636
68.2%
8787
68.2%
9797
68.2%
5454
68.2%
6969
68.1%
2828
68.1%
4848
68.1%
5353
68.1%
7373
68.1%
3333
68.1%
5959
68.1%
9292
68.1%
7979
68%
1717
68%
6565
68%
7575
68%
6767
68%
4646
68%
6060
68%
8686
68%
9696
68%
3737
67.9%
8484
67.8%

You're not logged in!

Compare scores with friends on all Sporcle quizzes.
Join for Free
OR
Log In

You Might Also Like...

Show Comments

Extras

Top Quizzes Today


Score Distribution

Your Account Isn't Verified!

In order to create a playlist on Sporcle, you need to verify the email address you used during registration. Go to your Sporcle Settings to finish the process.

Report this User

Report this user for behavior that violates our Community Guidelines.

Details: